00457nam a2200157Ia 4500003000400000008004100004040001600045082001600061100001900077245007400096260006300170300001000233650001500243650002200258650001900280GCL140319s9999 xx 000 0 ara d aGCL / cGCL04a892.76bN L1 aNAGUIB MAHFOUZ10aEL LLADRE I ELS GOSSOS (CATALAN SPANISH LANGUAGE) / cNAGUIB MAHFOUZ a[S.N] : bTHE AMERICAN UNIVERSITY IN CAIRO PRESS ، c1991 a143 P04aLITERATURE04aARABIC LITERATURE04aARABIC FICTION